[Event "Sardinia World op-A"]
[Site "Orosei"]
[Date "2024.04.30"]
[Round "4"]
[White "Parkhov, Yair"]
[Black "Huschenbeth, Niclas"]
[Result "1-0"]
[WhiteElo "2513"]
[BlackElo "2607"]
[PlyCount "81"]
[EventDate "2024.04.27"]
[EventType "swiss"]
[EventRounds "9"]
[EventCountry "ITA"]
[SourceTitle "CB19_2024"]
[SourceDate "2024.05.08"]
[SourceVersion "1"]
[SourceVersionDate "2024.05.08"]
[SourceQuality "1"]

1. d4 d5 2. c4 dxc4 3. Nf3 Nf6 4. e3 Bg4 5. Bxc4 e6 6. Nc3 c5 7. Qa4+ Nbd7 8. Ne5 cxd4 9. exd4 a6 10. Nxg4 Nxg4 11. Be2 b5 12. Qb3 Ngf6 13. Bf3 Rc8 14. 0-0 Bd6 15. h3 0-0 16. Be3 Qa5 17. a4 b4 18. Ne4 Nxe4 19. Bxe4 Nf6 20. Bf3 Nd5 21. Bd2 Ne7 22. Qd3 Rc7 23. b3 Rfc8 24. Be2 Rc6 25. Rac1 Nd5 26. Rxc6 Rxc6 27. Qe4 Qd8 28. Bd3 g6 29. Bc4 Bf8 30. Bf4 a5 31. Be5 Rc8 32. Re1 Qd7 33. h4 h5 34. g4 hxg4 35. Qxg4 Bg7 36. h5 Bxe5 37. dxe5 Ne7 38. Rd1 Qe8 39. Qg5 Rd8 40. Rd6 Rxd6 41. exd6 1-0

[Event "Bundesliga 2324"]
[Site "Germany"]
[Date "2024.02.24"]
[Round "10.1"]
[White "Huschenbeth, Niclas"]
[Black "Brkic, Ante"]
[Result "1/2-1/2"]
[WhiteElo "2605"]
[BlackElo "2606"]
[PlyCount "146"]
[EventDate "2023.10.21"]
[EventType "team-tourn"]
[EventRounds "15"]
[EventCountry "GER"]
[SourceTitle "CB09_2024"]
[SourceDate "2024.02.28"]
[SourceVersion "1"]
[SourceVersionDate "2024.02.28"]
[SourceQuality "1"]
[WhiteTeam "Bayern Muenchen"]
[BlackTeam "Kirchweyhe"]
[WhiteTeamCountry "GER"]
[BlackTeamCountry "GER"]

1. e4 c5 2. Nf3 d6 3. d4 cxd4 4. Nxd4 Nf6 5. Nc3 a6 6. Be3 e5 7. Nb3 Be7 8. f3 Be6 9. Qd2 0-0 10. 0-0-0 Nbd7 11. g4 b5 12. g5 Nh5 13. Kb1 Nb6 14. Na5 Rc8 15. Nd5 Nxd5 16. exd5 Bxd5 17. Qxd5 Qxa5 18. c4 Nf4 19. Bxf4 exf4 20. h4 Qa4 21. Rc1 Rfe8 22. Bd3 Rc5 23. Qe4 g6 24. h5 Re5 25. Qb7 bxc4 26. Bxc4 Rd8 27. hxg6 hxg6 28. Bxf7+ Kxf7 29. Rh7+ Kf8 30. Rh8+ Kf7 31. Rxd8 Rb5 32. Qa7 Qb4 33. b3 Rb7 34. Qa8 Bxd8 35. Qxd8 Qd4 36. Qc8 Qd3+ 37. Kb2 Qd4+ 38. Rc3 Rb5 39. Qxa6 Qd2+ 40. Ka3 Rxg5 41. Qc4+ Kf6 42. Rc2 Qe3 43. Qc7 Rd5 44. Qd8+ Qe7 45. Qxe7+ Kxe7 46. Kb4 Rd3 47. a4 Rxf3 48. a5 Rh3 49. a6 f3 50. Rc8 Rh4+ 51. Kb5 Rh5+ 52. Kb6 Rc5 53. Rh8 Rh5 54. Rc8 Rc5 55. Rxc5 dxc5 56. a7 f2 57. a8Q f1Q 58. Qe4+ Kf6 59. Qc6+ Kg5 60. Qxc5+ Kh4 61. Qd4+ Kh5 62. b4 g5 63. Qh8+ Kg4 64. b5 Kg3 65. Qb8+ Qf4 66. Ka7 Qxb8+ 67. Kxb8 g4 68. b6 Kf2 69. b7 g3 70. Kc7 g2 71. b8Q g1Q 72. Qa7+ Kg2 73. Qxg1+ Kxg1 1/2-1/2

[Event "Bundesliga 2324"]
[Site "Germany"]
[Date "2024.02.04"]
[Round "8.4"]
[White "Huschenbeth, Niclas"]
[Black "Mamedyarov, Shakhriyar"]
[Result "0-1"]
[WhiteElo "2605"]
[BlackElo "2734"]
[PlyCount "76"]
[EventDate "2023.10.21"]
[EventType "team-tourn"]
[EventRounds "15"]
[EventCountry "GER"]
[SourceTitle "CB06_2024"]
[SourceDate "2024.02.07"]
[SourceVersion "1"]
[SourceVersionDate "2024.02.07"]
[SourceQuality "1"]
[WhiteTeam "Bayern Muenchen"]
[BlackTeam "Viernheim"]
[WhiteTeamCountry "GER"]
[BlackTeamCountry "GER"]

1. e4 e5 2. Nf3 Nc6 3. Bb5 a6 4. Ba4 Bc5 5. 0-0 Nge7 6. c3 Ng6 7. d4 Ba7 8. Re1 0-0 9. Be3 Qf6 10. Bxc6 dxc6 11. Nxe5 Nxe5 12. dxe5 Qxe5 13. Bxa7 Rxa7 14. Nd2 Rd8 15. Qe2 Ra8 16. Nb3 Be6 17. Rad1 h6 18. Nd4 Bd7 19. Rd2 c5 20. Nf3 Qe7 21. Red1 Be6 22. Rxd8+ Rxd8 23. Rxd8+ Qxd8 24. a3 a5 25. h3 b6 26. Qd2 Qe8 27. Qf4 Qb5 28. Qd2 Qe8 29. Qf4 Qc6 30. Qe3 Kf8 31. Qd3 Ke7 32. Ne5 Qd6 33. f4 g5 34. Qxd6+ cxd6 35. Nd3 Bc4 36. Nf2 gxf4 37. Ng4 h5 38. Nf2 Ke6 0-1

[Event "Bundesliga 2324"]
[Site "Germany"]
[Date "2024.01.14"]
[Round "6.1"]
[White "Vachier Lagrave, Maxime"]
[Black "Huschenbeth, Niclas"]
[Result "1/2-1/2"]
[WhiteElo "2727"]
[BlackElo "2605"]
[PlyCount "43"]
[EventDate "2023.10.21"]
[EventType "team-tourn"]
[EventRounds "15"]
[EventCountry "GER"]
[SourceTitle "CB03_2024"]
[SourceDate "2024.01.17"]
[SourceVersion "1"]
[SourceVersionDate "2024.01.17"]
[SourceQuality "1"]
[WhiteTeam "Baden-Baden"]
[BlackTeam "Bayern Muenchen"]
[WhiteTeamCountry "GER"]
[BlackTeamCountry "GER"]

1. e4 e5 2. Nf3 Nc6 3. Bc4 Nf6 4. d3 Bc5 5. c3 d6 6. 0-0 a6 7. a4 Ba7 8. Re1 0-0 9. h3 Re8 10. Nbd2 Be6 11. Bxe6 Rxe6 12. Nf1 d5 13. Bg5 h6 14. Bh4 dxe4 15. dxe4 Qxd1 16. Raxd1 Ne8 17. b4 f6 18. N1d2 Rd6 19. Kf1 Rd3 20. Rc1 g5 21. Bg3 h5 22. Nc4 1/2-1/2

[Event "Bundesliga 2324"]
[Site "Germany"]
[Date "2024.01.13"]
[Round "5.1"]
[White "Huschenbeth, Niclas"]
[Black "Iturrizaga Bonelli, Eduardo"]
[Result "1/2-1/2"]
[WhiteElo "2605"]
[BlackElo "2615"]
[PlyCount "64"]
[EventDate "2023.10.21"]
[EventType "team-tourn"]
[EventRounds "15"]
[EventCountry "GER"]
[SourceTitle "CB03_2024"]
[SourceDate "2024.01.17"]
[SourceVersion "1"]
[SourceVersionDate "2024.01.17"]
[SourceQuality "1"]
[WhiteTeam "Bayern Muenchen"]
[BlackTeam "Oetigheim"]
[WhiteTeamCountry "GER"]
[BlackTeamCountry "GER"]

1. e4 c6 2. d4 d5 3. e5 Bf5 4. Nf3 e6 5. Be2 Nd7 6. 0-0 Ne7 7. c3 h6 8. a4 a6 9. Na3 Qc7 10. Nc2 c5 11. dxc5 Nxc5 12. Ncd4 Bh7 13. Be3 Nf5 14. Nxf5 Bxf5 15. Nd4 Qxe5 16. Nxf5 Qxf5 17. Re1 Be7 18. Bg4 Qd3 19. Bxc5 Qxd1 20. Raxd1 Bxc5 21. Rxd5 Rc8 22. Red1 a5 23. Rd7 b6 24. Rb7 0-0 25. Rdd7 Rb8 26. Rbc7 Rbc8 27. Rb7 Rb8 28. Rbc7 Rbc8 29. Ra7 Ra8 30. Rxa8 Rxa8 31. Bf3 Re8 32. Kf1 g6 1/2-1/2

[Event "Titled Tuesday intern op 09th Jan Early"]
[Site "Chess.com INT"]
[Date "2024.01.09"]
[Round "5"]
[White "Chemin, Justo Reinaldo"]
[Black "Huschenbeth, Niclas"]
[Result "1-0"]
[WhiteElo "2040"]
[BlackElo "2617"]
[PlyCount "65"]
[EventDate "2024.01.09"]
[EventType "swiss (blitz)"]
[EventRounds "11"]
[EventCountry "USA"]
[SourceTitle "CB03_2024"]
[SourceDate "2024.01.17"]
[SourceVersion "1"]
[SourceVersionDate "2024.01.17"]
[SourceQuality "1"]

1. d4 Nf6 2. Nf3 d5 3. Bf4 c5 4. e3 e6 5. c3 Bd6 6. Bg3 0-0 7. Nbd2 Qc7 8. Bd3 Nbd7 9. Qe2 e5 10. dxe5 Nxe5 11. Nxe5 Bxe5 12. e4 Re8 13. Bxe5 Qxe5 14. 0-0 dxe4 15. Rfe1 Ng4 16. g3 Qh5 17. h4 e3 18. f3 Bd7 19. Ne4 Ne5 20. g4 Qxh4 21. Qxe3 Qg3+ 22. Nxg3 Bc6 23. Qxe5 Rxe5 24. Rxe5 Rd8 25. Bc4 b6 26. Re7 Bxf3 27. Rae1 Bc6 28. Rxf7 Bd5 29. Bxd5 Rxd5 30. Rxa7 h5 31. Re8+ Kh7 32. Nxh5 Rg5 33. Rxg7+ 1-0

[Event "Titled Tuesday intern op 09th Jan Early"]
[Site "Chess.com INT"]
[Date "2024.01.09"]
[Round "10"]
[White "Hnatyshyn, Anastasiya"]
[Black "Huschenbeth, Niclas"]
[Result "1-0"]
[WhiteElo "2152"]
[BlackElo "2617"]
[PlyCount "107"]
[EventDate "2024.01.09"]
[EventType "swiss (blitz)"]
[EventRounds "11"]
[EventCountry "USA"]
[SourceTitle "CB03_2024"]
[SourceDate "2024.01.17"]
[SourceVersion "1"]
[SourceVersionDate "2024.01.17"]
[SourceQuality "1"]

1. Nc3 d5 2. e4 d4 3. Nce2 e5 4. Nf3 Bd6 5. Ng3 Ne7 6. c3 c5 7. Bb5+ Nbc6 8. 0-0 0-0 9. d3 a6 10. Bxc6 Nxc6 11. h3 h6 12. Qe2 Be6 13. Bd2 Qd7 14. c4 b5 15. b3 Rab8 16. Rab1 Rb7 17. Ne1 bxc4 18. dxc4 Nb4 19. Bxb4 Rxb4 20. Nd3 Rbb8 21. Qd2 Qc7 22. Rbe1 Rfe8 23. Ne2 a5 24. Nec1 a4 25. Re2 Ra8 26. Qd1 axb3 27. axb3 Ra1 28. Rb2 Rea8 29. Qe2 Be7 30. Ra2 R1xa2 31. Nxa2 Qa5 32. Nac1 Qc3 33. Nxe5 Bg5 34. Ncd3 Be7 35. Nc1 Ra1 36. Ned3 f6 37. f4 Bf7 38. e5 fxe5 39. Qxe5 Bf8 40. f5 Qd2 41. Kh2 Ra8 42. Rf2 Qd1 43. Qe2 Qxe2 44. Rxe2 Bd6+ 45. g3 Kf8 46. Kg2 Ra1 47. Ra2 Rb1 48. Ra8+ Ke7 49. Ra7+ Kf6 50. Ra6 Ke7 51. Ra7+ Kf8 52. Ra6 Be7 53. Ra8+ Be8 54. Ne2 1-0

[Event "Titled Tuesday intern op 09th Jan Early"]
[Site "Chess.com INT"]
[Date "2024.01.09"]
[Round "9"]
[White "Huschenbeth, Niclas"]
[Black "Cordoba Roa, Angel Gabriel"]
[Result "0-1"]
[WhiteElo "2617"]
[BlackElo "2312"]
[PlyCount "112"]
[EventDate "2024.01.09"]
[EventType "swiss (blitz)"]
[EventRounds "11"]
[EventCountry "USA"]
[SourceTitle "CB03_2024"]
[SourceDate "2024.01.17"]
[SourceVersion "1"]
[SourceVersionDate "2024.01.17"]
[SourceQuality "1"]

1. e4 e5 2. Nf3 Nc6 3. Bc4 Nf6 4. d4 exd4 5. e5 d5 6. Bb5 Nd7 7. Bxc6 bxc6 8. 0-0 Be7 9. Nxd4 Nb8 10. Nc3 0-0 11. Qf3 Bb7 12. Nf5 Re8 13. Qg4 g6 14. Nh6+ Kg7 15. Nf5+ Kg8 16. Re1 Bc8 17. Nxe7+ Qxe7 18. Qg3 Nd7 19. Bg5 Qc5 20. Bf6 Nxf6 21. exf6 Bf5 22. Qg5 Qd6 23. Re7 Rxe7 24. fxe7 Re8 25. Re1 Be6 26. f4 Qxe7 27. Qxe7 Rxe7 28. Na4 Kf8 29. Nc5 Bf5 30. Rxe7 Kxe7 31. c3 a5 32. a4 Bc2 33. Kf2 f6 34. Ke3 g5 35. fxg5 fxg5 36. Kd4 h5 37. Ke5 h4 38. b4 axb4 39. cxb4 Kd8 40. a5 Kc8 41. g3 hxg3 42. hxg3 Kb8 43. Ne6 g4 44. Nd4 Ba4 45. Kf4 Kb7 46. Kxg4 Ka6 47. Kf4 c5 48. bxc5 Kxa5 49. Ke5 c6 50. Kd6 Kb4 51. g4 Kc4 52. Ne6 d4 53. g5 d3 54. g6 d2 55. g7 d1Q+ 56. Ke7 Qg4 0-1

[Event "Titled Tuesday intern op 09th Jan Early"]
[Site "Chess.com INT"]
[Date "2024.01.09"]
[Round "7"]
[White "Huschenbeth, Niclas"]
[Black "Skurikhin, Dmitrij"]
[Result "1/2-1/2"]
[WhiteElo "2617"]
[BlackElo "2288"]
[PlyCount "80"]
[EventDate "2024.01.09"]
[EventType "swiss (blitz)"]
[EventRounds "11"]
[EventCountry "USA"]
[SourceTitle "CB03_2024"]
[SourceDate "2024.01.17"]
[SourceVersion "1"]
[SourceVersionDate "2024.01.17"]
[SourceQuality "1"]

1. e4 c6 2. d4 d5 3. Nc3 dxe4 4. Nxe4 Bf5 5. Ng3 Bg6 6. h4 h6 7. Nf3 Nd7 8. Bd3 Bxd3 9. Qxd3 Ngf6 10. Bd2 e6 11. 0-0-0 Qc7 12. Ne4 0-0-0 13. Kb1 Kb8 14. c4 Ka8 15. Bc3 Nxe4 16. Qxe4 Nf6 17. Qe2 Qf4 18. Rhe1 Bd6 19. a3 Bc7 20. Ka2 Rd7 21. Ne5 Bxe5 22. dxe5 Rxd1 23. Rxd1 Ne4 24. Be1 Qxe5 25. Qe3 f6 26. Rd7 Rg8 27. f4 Qf5 28. g4 Qh7 29. Qd4 b6 30. Re7 Nc5 31. Qd6 Qe4 32. Qc7 Qxc4+ 33. Kb1 Qe4+ 34. Ka2 Qc4+ 35. Kb1 Qe4+ 36. Ka2 Qd5+ 37. Kb1 Qd1+ 38. Ka2 Qb3+ 39. Kb1 Qd3+ 40. Ka2 Qc4+ 1/2-1/2

[Event "Bundesliga 2324"]
[Site "Germany"]
[Date "2023.12.03"]
[Round "4.1"]
[White "Huschenbeth, Niclas"]
[Black "Schneider, Ilja"]
[Result "1-0"]
[WhiteElo "2605"]
[BlackElo "2468"]
[PlyCount "85"]
[EventDate "2023.10.21"]
[EventType "team-tourn"]
[EventRounds "15"]
[EventCountry "GER"]
[SourceTitle "CB49_2023"]
[SourceDate "2023.12.06"]
[SourceVersion "1"]
[SourceVersionDate "2023.12.06"]
[SourceQuality "1"]
[WhiteTeam "Bayern Muenchen"]
[BlackTeam "Lister Turm"]
[WhiteTeamCountry "GER"]
[BlackTeamCountry "GER"]

1. e4 e5 2. Nf3 Nc6 3. Bb5 a6 4. Ba4 Nf6 5. 0-0 Bc5 6. c3 0-0 7. d4 Ba7 8. Bg5 h6 9. Bh4 exd4 10. Bxc6 dxc6 11. e5 dxc3 12. Qxd8 Rxd8 13. Nxc3 g5 14. Nxg5 hxg5 15. Bxg5 Bf5 16. exf6 Bd4 17. Rfe1 b5 18. Rac1 Rd6 19. h3 Bxf6 20. Bxf6 Rxf6 21. g4 Be6 22. a3 Rf3 23. Ne4 Bd5 24. Ng3 b4 25. axb4 Rb8 26. Rc3 Rxb4 27. Rxf3 Bxf3 28. Re3 Bd5 29. Re2 a5 30. Kh2 a4 31. Nh5 Kf8 32. f4 f5 33. Kg3 Kf7 34. Kh4 Be6 35. Rc2 Bd7 36. Rd2 Be6 37. Rc2 Bd7 38. g5 Kg6 39. Re2 Re4 40. Rxe4 fxe4 41. Nf6 Bf5 42. Kg3 e3 43. h4 1-0

[Event "AUT-chT 2324"]
[Site "Austria"]
[Date "2023.11.26"]
[Round "6.1"]
[White "Huschenbeth, Niclas"]
[Black "Baldauf, Marco"]
[Result "1/2-1/2"]
[WhiteElo "2609"]
[BlackElo "2483"]
[PlyCount "124"]
[EventDate "2023.11.22"]
[EventType "team-tourn"]
[EventRounds "11"]
[EventCountry "AUT"]
[SourceTitle "CB48_2023"]
[SourceDate "2023.11.29"]
[SourceVersion "1"]
[SourceVersionDate "2023.11.29"]
[SourceQuality "1"]
[WhiteTeam "Goetzis"]
[BlackTeam "Schach ohne Grenzen"]
[WhiteTeamCountry "AUT"]
[BlackTeamCountry "AUT"]

1. e4 c6 2. d4 d5 3. e5 Bf5 4. Nf3 e6 5. Be2 c5 6. c3 Nc6 7. 0-0 Bg4 8. Bg5 Qb6 9. c4 Nge7 10. cxd5 Nxd5 11. Nc3 Nxc3 12. bxc3 Bf5 13. Bd3 Bxd3 14. Qxd3 h6 15. Be3 Rd8 16. Rab1 Qc7 17. Qb5 Rd7 18. dxc5 Be7 19. Rfd1 Rxd1+ 20. Rxd1 0-0 21. Rb1 Rc8 22. h4 Na5 23. Rd1 Rd8 24. Rxd8+ Qxd8 25. h5 a6 26. Qb4 Qc7 27. Bd4 Nc6 28. Qa4 Kf8 29. Qc2 Ke8 30. Qe2 Qa5 31. Qb2 Nd8 32. Nd2 Bxc5 33. Nc4 Qc7 34. Bxc5 Qxc5 35. Nd6+ Kf8 36. Qb4 Qxb4 37. cxb4 Nc6 38. a3 Nxe5 39. Nxb7 Ke7 40. f3 Nc4 41. a4 Nb6 42. Nc5 Kd6 43. Kf2 Kc6 44. g4 Nd5 45. Nxa6 Kb6 46. Nc5 Nxb4 47. Nd7+ Kc7 48. Ne5 f6 49. Ng6 Nd3+ 50. Ke3 Nb2 51. f4 Nxa4 52. g5 fxg5 53. fxg5 hxg5 54. Ne5 Nc3 55. Kf3 Kd6 56. Nf7+ Ke7 57. Nxg5 Kf6 58. Kg4 Nd5 59. Nxe6 Ne3+ 60. Kf3 Kxe6 61. Kxe3 Kf5 62. h6 gxh6 1/2-1/2

[Event "FIDE Grand Swiss"]
[Site "Douglas"]
[Date "2023.11.01"]
[Round "7"]
[White "Huschenbeth, Niclas"]
[Black "Svane, Rasmus"]
[Result "1-0"]
[WhiteElo "2605"]
[BlackElo "2646"]
[PlyCount "169"]
[EventDate "2023.10.25"]
[EventType "swiss"]
[EventRounds "11"]
[EventCountry "IOM"]
[SourceTitle "Mega2024 Update 01"]
[Source "Chessbase"]
[SourceDate "2023.11.12"]
[SourceVersion "1"]
[SourceVersionDate "2023.11.12"]
[SourceQuality "1"]

1. e4 e5 2. Nf3 Nf6 3. Nxe5 d6 4. Nf3 Nxe4 5. d4 d5 6. Bd3 Nc6 7. 0-0 Be7 8. Nbd2 Bf5 9. Re1 Nxd2 10. Qxd2 Bg6 11. Bxg6 hxg6 12. Qd3 Qd7 13. Bg5 0-0 14. Bxe7 Nxe7 15. Ne5 Qd6 16. Re2 Rae8 17. Rae1 Nc8 18. Nf3 Rxe2 19. Rxe2 Qd7 20. Ne5 Qe6 21. Nf3 Qd7 22. Re5 Re8 23. Qb3 Nb6 24. Qe3 Rxe5 25. dxe5 Qe7 26. b3 c5 27. e6 fxe6 28. Qe5 Nd7 29. Qc7 Qf6 30. h4 Nf8 31. Ng5 Qa1+ 32. Kh2 Qf6 33. Kg1 Qa1+ 34. Kh2 Qf6 35. f4 b6 36. g3 a5 37. a4 Qf5 38. Kg1 Qf6 39. Kh2 Qf5 40. Kg1 Qf6 41. Kg2 Nh7 42. Qc8+ Nf8 43. Qc7 Nh7 44. Qxb6 Nxg5 45. hxg5 Qf5 46. Qxc5 Qe4+ 47. Kf2 d4 48. Qc4 Qe3+ 49. Kg2 Qd2+ 50. Kf1 Qc1+ 51. Kg2 Qd2+ 52. Kf3 Qe3+ 53. Kg4 Qe4 54. c3 Qh1 55. Qxe6+ Kh8 56. f5 gxf5+ 57. Qxf5 dxc3 58. Qc8+ Kh7 59. Qf5+ Kh8 60. Qc2 Qd5 61. g6 Qd2 62. Qe4 Qd1+ 63. Kh4 Qd8+ 64. Kh3 Qd7+ 65. g4 Qd8 66. Qc4 Qe8 67. Qxc3 Qb8 68. Qg3 Qxb3 69. Kh4 Qb6 70. Qd3 Qf2+ 71. Kh3 Qb6 72. Qe4 Qb3+ 73. Kh4 Qb8 74. Qh1 Qe8 75. Kg5+ Kg8 76. Qh7+ Kf8 77. Qh8+ Ke7 78. Qxe8+ Kxe8 79. Kf5 Kd7 80. Ke5 Ke7 81. g5 Kd7 82. Kd5 Ke7 83. Kc5 Ke6 84. Kb5 Kf5 85. Kxa5 1-0

[Event "Titled Tuesday intern op 26th Sep Early"]
[Site "Chess.com INT"]
[Date "2023.09.26"]
[Round "3"]
[White "Huschenbeth, Niclas"]
[Black "Zakhartsov, Vladimir"]
[Result "0-1"]
[WhiteElo "2607"]
[BlackElo "2526"]
[PlyCount "80"]
[EventDate "2023.09.26"]
[EventType "swiss (blitz)"]
[EventRounds "11"]
[EventCountry "USA"]
[SourceTitle "EXT 2024"]
[Source "ChessBase"]
[SourceDate "2023.10.10"]
[SourceVersion "1"]
[SourceVersionDate "2023.10.10"]
[SourceQuality "1"]

1. e4 c5 2. Nf3 d6 3. d4 Nf6 4. Nc3 cxd4 5. Nxd4 g6 6. Be3 Bg7 7. Be2 Nc6 8. Qd2 0-0 9. 0-0-0 Nxd4 10. Bxd4 Be6 11. h4 Qa5 12. Qg5 Qc7 13. h5 h6 14. Qd2 g5 15. f4 gxf4 16. Qxf4 Rac8 17. Rd3 Nh7 18. Rg3 Ng5 19. Rxg5 hxg5 20. Qxg5 f6 21. Qg3 Kh7 22. h6 Bh8 23. Bd3 Rg8 24. e5+ f5 25. Qf3 Rcf8 26. g4 Bxe5 27. Bxe5 dxe5 28. gxf5 Kh8 29. Qh5 Bc4 30. Be4 Qc5 31. Qh2 Qe3+ 32. Kb1 Qf4 33. Qh3 Rg3 34. Qh5 Rxc3 35. bxc3 Qxe4 36. Rh4 Qd5 37. Qg6 Rg8 38. Qh5 Rg1+ 39. Kb2 Qb5+ 40. Ka3 Qa5+ 0-1

[Event "POL-chT Ekstraliga"]
[Site "Lublin"]
[Date "2023.09.24"]
[Round "7.5"]
[White "Huschenbeth, Niclas"]
[Black "Galperin, Platon"]
[Result "1-0"]
[WhiteElo "2607"]
[BlackElo "2571"]
[PlyCount "95"]
[EventDate "2023.09.18"]
[EventType "team-tourn"]
[EventRounds "9"]
[EventCountry "POL"]
[SourceTitle "EXT 2024"]
[Source "ChessBase"]
[SourceDate "2023.10.10"]
[SourceVersion "1"]
[SourceVersionDate "2023.10.10"]
[SourceQuality "1"]
[WhiteTeam "Raciborz Silesia"]
[BlackTeam "Dabrowa Gornicza Zaglebie"]
[WhiteTeamCountry "POL"]
[BlackTeamCountry "POL"]

1. e4 e5 2. Nf3 Nf6 3. d4 Nxe4 4. Bd3 d5 5. Nxe5 Bd6 6. Nc3 Nxc3 7. bxc3 Nd7 8. 0-0 0-0 9. Re1 Qh4 10. g3 Qh3 11. Bf1 Qf5 12. Bd3 Qh3 13. Bf1 Qf5 14. g4 Qf6 15. f4 Qd8 16. Bg2 Nf6 17. f5 Ne4 18. c4 Bb4 19. cxd5 Bxe1 20. Qxe1 Nd6 21. Bf4 Re8 22. Qf1 b6 23. Qf3 Bb7 24. c4 f6 25. Nc6 Qd7 26. Qb3 Kh8 27. Rd1 a5 28. Qc2 Ba6 29. Bf1 Re4 30. Bxd6 Rxg4+ 31. Bg3 Re8 32. Bh3 Rg5 33. Kf2 Rh5 34. Bg4 Rg5 35. Bh3 Rh5 36. Bg4 Rg5 37. h3 h5 38. Bf4 hxg4 39. Bxg5 Qd6 40. Kg2 gxh3+ 41. Kxh3 fxg5 42. Ne5 Kg8 43. Kg2 Bc8 44. Rf1 Qf6 45. Qe4 a4 46. d6 Qxd6 47. f6 Bb7 48. f7+ 1-0

[Event "POL-chT Ekstraliga"]
[Site "Lublin"]
[Date "2023.09.20"]
[Round "3.4"]
[White "Szpar, Milosz"]
[Black "Huschenbeth, Niclas"]
[Result "1-0"]
[WhiteElo "2477"]
[BlackElo "2607"]
[PlyCount "65"]
[EventDate "2023.09.18"]
[EventType "team-tourn"]
[EventRounds "9"]
[EventCountry "POL"]
[SourceTitle "EXT 2024"]
[Source "ChessBase"]
[SourceDate "2023.10.10"]
[SourceVersion "1"]
[SourceVersionDate "2023.10.10"]
[SourceQuality "1"]
[WhiteTeam "Krakow Dwie Wieze"]
[BlackTeam "Raciborz Silesia"]
[WhiteTeamCountry "POL"]
[BlackTeamCountry "POL"]

1. Nf3 d5 2. e3 c5 3. c4 d4 4. exd4 cxd4 5. g3 Nc6 6. d3 e5 7. Bg2 Nf6 8. 0-0 Nd7 9. Re1 Be7 10. Na3 0-0 11. Nc2 a5 12. a3 f6 13. Rb1 a4 14. Bd2 Nc5 15. Bb4 Re8 16. Bxc5 Bxc5 17. b4 axb3 18. Rxb3 Kh8 19. Nd2 Ra7 20. Nb4 Nxb4 21. axb4 Bf8 22. c5 b6 23. Nc4 bxc5 24. b5 Bd7 25. Rb1 Qb8 26. Qc2 h6 27. b6 Ra4 28. Ra1 Rxc4 29. dxc4 Qxb6 30. Qg6 Bc6 31. Reb1 Qc7 32. Ra6 Bxg2 33. Qxe8 1-0

[Event "POL-chT Ekstraliga"]
[Site "Lublin"]
[Date "2023.09.19"]
[Round "2.3"]
[White "Huschenbeth, Niclas"]
[Black "Berkes, Ferenc"]
[Result "0-1"]
[WhiteElo "2607"]
[BlackElo "2622"]
[PlyCount "80"]
[EventDate "2023.09.18"]
[EventType "team-tourn"]
[EventRounds "9"]
[EventCountry "POL"]
[SourceTitle "EXT 2024"]
[Source "ChessBase"]
[SourceDate "2023.10.10"]
[SourceVersion "1"]
[SourceVersionDate "2023.10.10"]
[SourceQuality "1"]
[WhiteTeam "Raciborz Silesia"]
[BlackTeam "Plock Hetman"]
[WhiteTeamCountry "POL"]
[BlackTeamCountry "POL"]

1. e4 e6 2. d4 d5 3. e5 c5 4. c3 Nc6 5. Nf3 Bd7 6. Be2 Nge7 7. Na3 Nf5 8. Nc2 cxd4 9. cxd4 Be7 10. 0-0 0-0 11. Bd3 Rc8 12. g4 Nh4 13. Nxh4 Bxh4 14. f4 f6 15. exf6 Bxf6 16. Be3 g6 17. Qd2 Bg7 18. Rac1 a6 19. b3 Qb6 20. Rfd1 Rc7 21. Bf1 Rfc8 22. Rb1 Na7 23. Ne1 Nb5 24. Bxb5 Bxb5 25. Qf2 Rc3 26. Rd2 Rf8 27. Ng2 Bd3 28. Re1 Be4 29. h4 Rf7 30. Kh2 Bf8 31. Rdd1 Ba3 32. Re2 Qc7 33. Kg1 Bd6 34. Rde1 b5 35. Rd2 Bxg2 36. Qxg2 Bxf4 37. Bxf4 Qxf4 38. Rf1 Qe3+ 39. Rff2 Rxf2 40. Qxf2 Qh3 0-1

[Event "POL-chT Ekstraliga"]
[Site "Lublin"]
[Date "2023.09.18"]
[Round "1.3"]
[White "Piorun, Kacper"]
[Black "Huschenbeth, Niclas"]
[Result "1/2-1/2"]
[WhiteElo "2594"]
[BlackElo "2607"]
[PlyCount "198"]
[EventDate "2023.09.18"]
[EventType "team-tourn"]
[EventRounds "9"]
[EventCountry "POL"]
[SourceTitle "EXT 2024"]
[Source "ChessBase"]
[SourceDate "2023.10.10"]
[SourceVersion "1"]
[SourceVersionDate "2023.10.10"]
[SourceQuality "1"]
[WhiteTeam "Katowice Wasko"]
[BlackTeam "Raciborz Silesia"]
[WhiteTeamCountry "POL"]
[BlackTeamCountry "POL"]

1. d4 Nf6 2. c4 e6 3. Nf3 d5 4. g3 Be7 5. Bg2 0-0 6. 0-0 dxc4 7. Qc2 b5 8. a4 Bb7 9. axb5 a6 10. bxa6 Nxa6 11. Qxc4 Bd5 12. Qc3 c5 13. Be3 Ne4 14. Qe1 Nb4 15. Rxa8 Qxa8 16. Nc3 Nxc3 17. bxc3 Nc2 18. Qd2 Nxe3 19. Qxe3 cxd4 20. cxd4 Bf6 21. Qf4 Qb8 22. Qxb8 Rxb8 23. e3 Bxf3 24. Bxf3 g6 25. Rc1 h5 26. Rc7 Re8 27. Bc6 Rd8 28. Kg2 Kf8 29. Rb7 Rd6 30. Ba4 Bd8 31. Rb8 Kg7 32. h3 Be7 33. Bb5 Rd8 34. Rb7 Kf8 35. Kf3 Bd6 36. Bd3 Rc8 37. Rd7 Be7 38. Ke2 Ra8 39. Bb1 Ra1 40. Rb7 Ra4 41. Rb8+ Kg7 42. Re8 Bf6 43. Rc8 Ra7 44. f4 Rb7 45. Bc2 Ra7 46. g4 hxg4 47. hxg4 Rd7 48. Be4 Be7 49. Bd3 Bf6 50. Rc5 Be7 51. Rb5 Bf6 52. Bc2 Be7 53. Kd3 Bf6 54. Bb3 Be7 55. Bc4 Bf6 56. Ke4 Rc7 57. Bb3 Rd7 58. Rb4 Be7 59. Rb6 Rd6 60. Rb7 Kf8 61. Bc4 Rc6 62. Kd3 Rd6 63. Bb3 Bf6 64. Ke4 Be7 65. Kf3 Bf6 66. Ra7 Be7 67. Ba2 Rd8 68. Ke4 Rd6 69. Kd3 Rd8 70. Bb3 Rb8 71. Bc4 Rd8 72. Ke4 Rc8 73. Ba2 Rc6 74. Ke5 Rb6 75. Bc4 Rc6 76. Bb5 Rd6 77. Rb7 Rd5+ 78. Ke4 Rd8 79. Bc6 Rd6 80. Rc7 Rd8 81. Rb7 Rd6 82. d5 exd5+ 83. Bxd5 Ra6 84. f5 gxf5+ 85. gxf5 Ra4+ 86. Kf3 Rb4 87. Ra7 f6 88. e4 Rb1 89. Ke2 Rb6 90. Kd3 Ke8 91. Kd4 Bd6 92. Bc4 Be5+ 93. Kc5 Rb1 94. Bd3 Rd1 95. Ra3 Ke7 96. Kc6 Rc1+ 97. Kd5 Rc5+ 98. Kxc5 Bd6+ 99. Kd5 Bxa3 1/2-1/2